<?xml version="1.0" encoding="UTF-8"?>
<collection xmlns="http://www.loc.gov/MARC21/slim">
 <record>
  <leader>00747nab a2200181 i 4500</leader>
  <controlfield tag="001">misc43997</controlfield>
  <controlfield tag="005">20191106141128.0</controlfield>
  <controlfield tag="008">180912s1994    hu      o     0||   zxx d</controlfield>
  <datafield tag="022" ind1=" " ind2=" ">
   <subfield code="a">1215-5233</subfield>
  </datafield>
  <datafield tag="040" ind1=" " ind2=" ">
   <subfield code="a">SZTE Miscellanea Repozitórium</subfield>
   <subfield code="b">hun</subfield>
  </datafield>
  <datafield tag="041" ind1=" " ind2=" ">
   <subfield code="a">zxx</subfield>
  </datafield>
  <datafield tag="245" ind1="0" ind2="0">
   <subfield code="a">Fejlesztési követelmények </subfield>
   <subfield code="h">[elektronikus dokumentum] :</subfield>
   <subfield code="b">értelmi felkészültség</subfield>
  </datafield>
  <datafield tag="260" ind1=" " ind2=" ">
   <subfield code="c">1994</subfield>
  </datafield>
  <datafield tag="300" ind1=" " ind2=" ">
   <subfield code="a">6-24</subfield>
  </datafield>
  <datafield tag="490" ind1="0" ind2=" ">
   <subfield code="a">Iskolakultúra</subfield>
   <subfield code="v">4 No. 1-2</subfield>
  </datafield>
  <datafield tag="695" ind1=" " ind2=" ">
   <subfield code="a">Személyiségfejlesztés - iskolai nevelés, Képességfejlesztés - általános iskola, Oktatásügy - Magyarország - 20. sz., Tanterv - általános iskola - Magyarország</subfield>
  </datafield>
  <datafield tag="700" ind1="0" ind2="1">
   <subfield code="a">Nagy József</subfield>
  </datafield>
  <datafield tag="856" ind1="4" ind2="0">
   <subfield code="u">http://misc.bibl.u-szeged.hu/43997/1/iskolakultura_1994_001_002_006-024.pdf</subfield>
   <subfield code="z">Dokumentum-elérés </subfield>
  </datafield>
 </record>
</collection>
